000 00334nam a2200133Ia 4500
008 240624s9999 xx 000 0 und d
041 _aeng
082 _a006.32 STA
100 _aSTACEY MARK
245 _aVISUAL INTELLIGENCE MICROSOFT TOOLS AND
260 _c2013
_aCanada
_bWiley
300 _axxix, 400 p.; 23 cm.
365 _c
_b38
999 _c30722
_d30722